LEADER 01176nam2-2200397---450- 001 990001305240203316 005 20121030102738.0 035 $a000130524 035 $aUSA01000130524 035 $a(ALEPH)000130524USA01 035 $a000130524 100 $a20031217d--------km-y0itay50------ba 101 2 $aita$cgrc 102 $aIT 105 $a||||||||001yy 200 1 $aDiscorsi e lettere$fdi Demostene 210 $aTorino$cUnione tipografico-editrice torinese 215 $avolumi$d24 cm 225 2 $aClassici greci 300 $aTesto originale a fronte 410 0$1001000160305$12001$aClassici greci 676 $a885.01 700 0$aDEMOSTHENES$0167473 801 0$aIT$bsalbc$gISBD 912 $a990001305240203316 951 $aXV.8. Coll. 6/ 1/$bL.M.$cXV.8. Coll. 959 $aBK 969 $aUMA 979 $aSIAV5$b10$c20031217$lUSA01$h1220 979 $aSIAV5$b10$c20031217$lUSA01$h1400 979 $aPATRY$b90$c20040406$lUSA01$h1733 979 $aANNAMARIA$b90$c20121022$lUSA01$h1608 979 $aANNAMARIA$b90$c20121030$lUSA01$h1027 979 $aANNAMARIA$b90$c20121030$lUSA01$h1027 996 $aOrationes$913510 997 $aUNISA LEADER 02017nam 2200457 450 001 000014303 005 20050718115500.0 010 $a3-540-13340-2 100 $a20030619d1984----km-y0itay0103----ba 101 0 $aeng 102 $aDE 200 1 $aOrienting polymers$eproceedings of a workshop held at the IMA, University of Minnesota, Minneapolis March 21-26, 1983$fedited by J. L. Ericksen 210 $aBerlin [etc.]$cSpringer$d1984 215 $a166 p.$d25 cm. 225 2 $aLecture notes in mathematics$v1063 410 0$12001$aLecture notes in mathematics 606 $aPolimeri$xCongressi 676 $a547.7$v(21. ed.)$9Chimica organica. Macromolecole e composti connessi 691 $a74D99$9Mechanics of deformable solids. Materials of strain-rate type and history type, other materials with memory (including elastic materials with viscous damping, various viscoelastic materials) 691 $a74B99$9Mechanics of deformable solids. Elastic materials 691 $a74G99$9Mechanics of deformable solids. Equilibrium (steady-state) problems 691 $a74H99$9Mechanics of deformable solids. Dynamical problems 691 $a76A99$9Fluid mechanics. Foundations, constitutive equations, rheology 702 1$aEricksen,$bJ. L. 712 12$aWorkshop on orienting polymers$f<1983$e; Minneapolis> 801 0$aIT$bUniversitą della Basilicata - B.I.A.$gRICA$2unimarc 912 $a000014303 996 $aOrienting polymers$979822 997 $aUNIBAS BAS $aMONSCI BAS $aSCIENZE CAT $aEXT003$b01$c20030619$lBAS01$h0956 CAT $aEXT003$b01$c20031002$lBAS01$h1244 CAT $aEXT003$b01$c20031002$lBAS01$h1244 CAT $c20050601$lBAS01$h1755 CAT $abatch$b01$c20050718$lBAS01$h1052 CAT $c20050718$lBAS01$h1111 CAT $c20050718$lBAS01$h1141 CAT $c20050718$lBAS01$h1155 FMT Z30 -1$lBAS01$LBAS01$mBOOK$1BASA2$APolo Tecnico-Scientifico$2GEN$BCollezione generale$3MAT$658556$5S58556$820030619$f51$FRiservati LEADER 01194nam0 22002771i 450 001 SUN0017136 005 20110201114631.555 010 $a88-203-2052-5 100 $a20040601d1993 |0itac50 ba 101 $aita 102 $aIT 105 $a|||| ||||| 200 1 $aIlluminazione di esterni$ecriteri di progettazione e soluzioni illuminotecniche per cittą, grandi aree, impianti sportivi, strade e gallerie$fGianni Forcolini 210 $aMilano$cHoepli$d[1993] 215 $a288 p.$cill.$d24 cm. 606 $aIlluminazione pubblica$2FI$3SUNC008646 620 $dMilano$3SUNL000284 676 $a628.95$v21 700 1$aForcolini$b, Gianni$3SUNV013004$07971 712 $aHoepli$3SUNV000715$4650 801 $aIT$bSOL$c20190211$gRICA 912 $aSUN0017136 950 $aBIBLIOTECA DEL DIPARTIMENTO DI ARCHITETTURA E DISEGNO INDUSTRIALE$d01PREST M177 $e01 53058 20190208 950 $aBIBLIOTECA DEL DIPARTIMENTO DI ARCHITETTURA E DISEGNO INDUSTRIALE$d01PREST IIIC53 $e01 27776 20050725 996 $aIlluminazione di esterni$973991 997 $aUNICAMPANIA